书目信息 |
| 题名: |
数据库原理实践
|
|
| 作者: | 邝劲筠 , 杜金莲 编著 | |
| 分册: | ||
| 出版信息: | 北京 清华大学出版社 2015.7 |
|
| 页数: | 13,426页 | |
| 开本: | 26cm | |
| 丛书名: | ||
| 单 册: | ||
| 中图分类: | TP311.132.3- , TP311.138SQ-43 | |
| 科图分类: | ||
| 主题词: | 关系数据库--数据库管理系统,SQL Server 2012--高等学校--教材 | |
| 电子资源: | ||
| ISBN: | 978-7-302-40060-8 | |
| 000 | 01181nam0 2200277 450 | |
| 001 | 0400004101 | |
| 005 | 20171023134102.0 | |
| 010 | @a978-7-302-40060-8@dCNY49.00 | |
| 100 | @a20171023d2015 em y0chiy ea | |
| 101 | 0 | @achi |
| 102 | @aCN@b110000 | |
| 105 | @ay z 000yy | |
| 106 | @ar | |
| 200 | 1 | @a数据库原理实践@9shu ju ku yuan li shi jian@eSQL Server 2012@f邝劲筠,杜金莲编著 |
| 210 | @a北京@c清华大学出版社@d2015.7 | |
| 215 | @a13,426页@d26cm | |
| 300 | @a高等学校计算机专业规划教材 高等学校计算机教材建设立项项目 | |
| 330 | @a本书以“数据库原理”理论为基础,以SQL Server 2012为实践环境,对“数据库原理”课程相关实验进行详细介绍。全书分为2大部分,第1部分为上机实验指导,其中核心篇主要包括数据库设计、管理与查询等数据库实践必修内容,提高篇包括视图、索引、触发器等内容,第2部分为数据库课程设计指导,用案例介绍了一个简单数据库系统的完整设计过程。 | |
| 606 | 0 | @a关系数据库@x数据库管理系统,SQL Server 2012@x高等学校@j教材 |
| 610 | 0 | @aSQL Server |
| 690 | @aTP311.132.3-@v5 | |
| 690 | @aTP311.138SQ-43@v5 | |
| 701 | 0 | @a邝劲筠@9kuang jin jun@4编著 |
| 701 | 0 | @a杜金莲@9du jin lian@4编著 |
| 801 | 0 | @aCN@b91MARC@c20171023 |
| 905 | @b1036991-5@dTP311.132.3-@f5@e1184 | |
| 数据库原理实践:SQL Server 2012/邝劲筠,杜金莲编著.-北京:清华大学出版社,2015.7 |
| 13,426页;26cm |
| 高等学校计算机专业规划教材 高等学校计算机教材建设立项项目 |
| ISBN 978-7-302-40060-8:CNY49.00 |
| 本书以“数据库原理”理论为基础,以SQL Server 2012为实践环境,对“数据库原理”课程相关实验进行详细介绍。全书分为2大部分,第1部分为上机实验指导,其中核心篇主要包括数据库设计、管理与查询等数据库实践必修内容,提高篇包括视图、索引、触发器等内容,第2部分为数据库课程设计指导,用案例介绍了一个简单数据库系统的完整设计过程。 |
| ● |
| 相关链接 |
|
|
|
|
正题名:数据库原理实践
索取号:TP311.132.3-/1184
 
预约/预借
| 序号 | 登录号 | 条形码 | 馆藏地/架位号 | 状态 | 备注 |
| 1 | 1036991 | 210369910 | 第二样本阅览室/ [索取号:TP311.132.3-/1184] | 在馆 | |
| 2 | 1036992 | 210369929 | 密集书库—计算机科学学院/ [索取号:TP311.132.3-/1184] | 在馆 | |
| 3 | 1036993 | 210369938 | 第三借阅区/ [索取号:TP311.132.3-/1184] | 在馆 | |
| 4 | 1036994 | 210369947 | 第三借阅区/ [索取号:TP311.132.3-/1184] | 在馆 | |
| 5 | 1036995 | 210369956 | 第三借阅区/ [索取号:TP311.132.3-/1184] | 在馆 |